书目信息 |
| 题名: |
160种实用化工产品配方与制造
|
|
| 作者: | 陈三斌 编著 | |
| 分册: | ||
| 出版信息: | 北京 金盾出版社 1996.11 |
|
| 页数: | 402页 | |
| 开本: | 32开 | |
| 丛书名: | ||
| 单 册: | ||
| 中图分类: | TQ012 | |
| 科图分类: | ||
| 主题词: | 化学工业--基础理论 | |
| 电子资源: | ||
| ISBN: | 7-5082-0282-1 | |
| 000 | 00596nam0 2200193 45 | |
| 001 | 0008030920 | |
| 005 | 20000803092411.0 | |
| 010 | @a7-5082-0282-1@d12.00元 | |
| 100 | @a20000803d1996 km y0chiy0120 ea | |
| 101 | 0 | @achi |
| 105 | @a z 000yy | |
| 200 | 1 | @a160种实用化工产品配方与制造@A160 Zhong Shi Yong Hua Gong Chan Pin Pei Fang Yu ZhiZao@f陈三斌编著@FChen San Bin Bian Zhu |
| 210 | @a北京@c金盾出版社@d1996.11 | |
| 215 | @a402页@d32开 | |
| 606 | 0 | @a化学工业@x基础理论 |
| 690 | @aTQ012@v3 | |
| 701 | 0 | @a陈三斌@4编著 |
| 801 | @aCN@bPftUser@c20000803 | |
| 905 | @b86898-902@dTQ012@eCH070@f5 | |
| 160种实用化工产品配方与制造/陈三斌编著.-北京:金盾出版社,1996.11 |
| 402页;32开 |
| ISBN 7-5082-0282-1:12.00元 |
| ● |
| 相关链接 |
|
|
|
正题名:160种实用化工产品配方与制造
索取号:TQ012/CH070
 
预约/预借
| 序号 | 登录号 | 条形码 | 馆藏地/架位号 | 状态 | 备注 |
| 1 | 86898 | 200868980 | 期刊室512/501自科库 137排1列6层/ [索取号:TQ012/CH070] | 在馆 | |
| 2 | 86899 | 200868999 | 期刊室512/501自科库 137排1列6层/ [索取号:TQ012/CH070] | 在馆 | |
| 3 | 86900 | 200869006 | 自科库501/501自科库 137排1列6层/ [索取号:TQ012/CH070] | 在馆 | |
| 4 | 86901 | 200869015 | 期刊室512/501自科库 137排1列6层/ [索取号:TQ012/CH070] | 在馆 | |
| 5 | 86902 | 200869024 | 自科库501/501自科库 137排1列6层/ [索取号:TQ012/CH070] | 在馆 |